|
|
|
|
| LEADER |
03238nam a2200517 4500 |
| 001 |
978-3-030-32312-7 |
| 003 |
DE-He213 |
| 005 |
20191211135547.0 |
| 007 |
cr nn 008mamaa |
| 008 |
191211s2019 gw | s |||| 0|eng d |
| 020 |
|
|
|a 9783030323127
|9 978-3-030-32312-7
|
| 024 |
7 |
|
|a 10.1007/978-3-030-32312-7
|2 doi
|
| 040 |
|
|
|d GrThAP
|
| 050 |
|
4 |
|a BM600-645
|
| 072 |
|
7 |
|a HRJT
|2 bicssc
|
| 072 |
|
7 |
|a REL040090
|2 bisacsh
|
| 072 |
|
7 |
|a QRJ
|2 thema
|
| 072 |
|
7 |
|a QRVG
|2 thema
|
| 082 |
0 |
4 |
|a 296
|2 23
|
| 100 |
1 |
|
|a Ben-Sasson, Hillel.
|e author.
|4 aut
|4 http://id.loc.gov/vocabulary/relators/aut
|
| 245 |
1 |
0 |
|a Understanding YHWH
|h [electronic resource] :
|b The Name of God in Biblical, Rabbinic, and Medieval Jewish Thought /
|c by Hillel Ben-Sasson.
|
| 250 |
|
|
|a 1st ed. 2019.
|
| 264 |
|
1 |
|a Cham :
|b Springer International Publishing :
|b Imprint: Palgrave Macmillan,
|c 2019.
|
| 300 |
|
|
|a XII, 304 p.
|b online resource.
|
| 336 |
|
|
|a text
|b txt
|2 rdacontent
|
| 337 |
|
|
|a computer
|b c
|2 rdamedia
|
| 338 |
|
|
|a online resource
|b cr
|2 rdacarrier
|
| 347 |
|
|
|a text file
|b PDF
|2 rda
|
| 490 |
1 |
|
|a Jewish Thought and Philosophy
|
| 505 |
0 |
|
|a Chapter 1: Introduction -- Chapter 2: Compassionate Presence: Hwh And The Measure Of Mercy -- Chapter 3: Omnipresence: Invoking The Divine Name Yhwh In Rabbinic Blessing -- Chapter 4: Personal And Non-Personal Divine Presence: The Name Yhwh In The Thought Of R. Abraham Ibn Ezra And R. Judah Halevi -- Chapter 5: "Silence Is Praise To Thee": The Name Yhwh In The Negative Theology Of Medieval Judaism -- Chapter 6: A Dynamic Linguistic Picture - The Name Yhwh In Sefer Ha-Bahir And In Early Provencal And Geronese Kabbalah. .
|
| 520 |
|
|
|a This book unlocks the Jewish theology of YHWH in three central stages of Jewish thought: the Hebrew bible, rabbinic literature, and medieval philosophy and mysticism. Providing a single conceptual key adapted from the philosophical debate on proper names, the book paints a dynamic picture of YHWH's meanings over a spectrum of periods and genres, portraying an evolving interaction between two theological motivations: the wish to speak about God and the wish to speak to Him. Through this investigation, the book shows how Jews interpreted God's name in attempt to map the human-God relation, and to determine the measure of possibility for believers to realize a divine presence in their midst, through language.
|
| 650 |
|
0 |
|a Judaism-Doctrines.
|
| 650 |
|
0 |
|a Language and languages-Philosophy.
|
| 650 |
|
0 |
|a History.
|
| 650 |
1 |
4 |
|a Jewish Theology.
|0 http://scigraph.springernature.com/things/product-market-codes/1A6010
|
| 650 |
2 |
4 |
|a Philosophy of Language.
|0 http://scigraph.springernature.com/things/product-market-codes/E26000
|
| 650 |
2 |
4 |
|a History, general.
|0 http://scigraph.springernature.com/things/product-market-codes/700000
|
| 710 |
2 |
|
|a SpringerLink (Online service)
|
| 773 |
0 |
|
|t Springer eBooks
|
| 776 |
0 |
8 |
|i Printed edition:
|z 9783030323110
|
| 776 |
0 |
8 |
|i Printed edition:
|z 9783030323134
|
| 776 |
0 |
8 |
|i Printed edition:
|z 9783030323141
|
| 830 |
|
0 |
|a Jewish Thought and Philosophy
|
| 856 |
4 |
0 |
|u https://doi.org/10.1007/978-3-030-32312-7
|z Full Text via HEAL-Link
|
| 912 |
|
|
|a ZDB-2-REP
|
| 950 |
|
|
|a Religion and Philosophy (Springer-41175)
|